Discipling Through Theological Education By Extension. (Record no. 8387)

MARC details
000 -LEADER
fixed length control field 00612nam a2200241 a 4500
020 ## - INTERNATIONAL STANDARD BOOK NUMBER
ISBN 0802487
082 00 - DEWEY DECIMAL CLASSIFICATION NUMBER
Classification number 207.11
Author Cutter GER
100 ## - MAIN ENTRY--AUTHOR NAME
Author name Gerbr, Vergil
245 ## - TITLE STATEMENT
Title Discipling Through Theological Education By Extension.
260 ## - PUBLICATION, DISTRIBUTION, ETC. (IMPRINT)
Place of publication Chicago
Name of publisher Moody Press
Year of publication 1980
300 ## - PHYSICAL DESCRIPTION
Number of Pages 191p
500 ## - GENERAL NOTE
General note includes index and biblioraphy
505 2# - FORMATTED CONTENTS NOTE
Formatted contents note Index
650 ## - SUBJECT ADDED ENTRY--TOPICAL TERM
Topical Term Theological-Seminaries
942 ## - ADDED ENTRY ELEMENTS (KOHA)
Koha item type Books
700 1# -
-- Gerbr, Vergil
Holdings
Collection code Home library Current library Date acquired Cost, normal purchase price Full call number Accession Number Koha item type
  Henry Martyn Institute Library Henry Martyn Institute Library 06/14/2007 100.00 207.11 GER 011588 Books
                   Copyright © 2026 | Henry Martyn Institute | Hyderabad | TS-500052 | INDIA | Implemented by hmi.edu.in
Hit-Count:

Powered by Koha